Normal view MARC view

Entry Topical Term

Number of records used in: 1

001 - CONTROL NUMBER

  • control field: 35168

003 - CONTROL NUMBER IDENTIFIER

  • control field: OSt

005 - DATE AND TIME OF LATEST TRANSACTION

  • control field: 20230202134516.0

008 - FIXED-LENGTH DATA ELEMENTS

  • fixed length control field: 230202|| aca||aabn | a|a d

040 ## - CATALOGING SOURCE

  • Original cataloging agency: OSt
  • Transcribing agency: OSt

150 ## - HEADING--TOPICAL TERM

  • Topical term or geographic name entry element: Jammu and Kashmir, Article 370

670 ## - SOURCE DATA FOUND

  • Source citation: Work cat.: (OSt)520762: Kumar, Sanjay and Kumari, Neelam 35167, Jammu and Kashmir after abrogation of article 370

Powered by Koha